LEADER 01605nam a2200349 a 4500 001 000000126798 003 CaOOAMICUS 005 20111104105259.0 008 111104s2007 it aehf u000 u ita r 020 $a978-88-372-2227-7 040 $aPUL$bita 041 1 $aita$hlat$alat 082 04$a271.092 100 1 $aGuarinoni, Ippolito,$d1571-1654.$0(OLS)http://pul/name/80889 245 10$aDetti e fatti, profezie e segreti del frate cappuccino Tommaso da Bergamo /$cIppolito Guarinoni ; a cura di Daniela Marrone. 260 $aBrescia :$bMorcelliana,$c©2007. 300 $a230 p., XXXII p. di tav. :$bill., piante, facsim. ;$c23 cm 490 1 $aTestimoni 504 $aBibliografia in nota. 546 $aTesto latino a fronte. 600 04$aTommaso da Olera,$cO.F.M. Cap.,$d1567-1631.$0(OLS)http://pul/subject/38326 700 1 $aMarrone, Daniela.$0(OLS)http://pul/name/80890 700 1 $aTommaso da Olera,$cO.F.M. Cap.,$d1567-1631,$tDicta et acta, vatidica et arcana.$0(OLS)http://pul/name/80891 830 0$aTestimoni (Morcelliana).$0(OLS)http://pul/title/160005 850 $aPUL 852 $aPUL$W1$xSL Religione 3$y85$m271. 092 TOMOL 1$j146619$qDDC 21$B145317$CPULBib$Z2$F145317 $H118374 $82 941 1 $a9 996 $6020$a978-88-372-2227-7$9(OLS)http://pul/number/148353 996 $6082$a271.092$9(OLS)http://pul/classification/1861 996 $6245$aDetti e fatti, profezie e segreti del frate cappuccino Tommaso da Bergamo$9(OLS)http://pul/title/160180 996 $6260$aBrescia :$bMorcelliana$9(OLS)http://pul/publisher/47854 LEADER 01591nam a2200361 a 4500 001 000000175921 003 CaOOAMICUS 005 20230612124142.0 008 230612s2022 vc 000 u ita r 020 $z978-88-282-0972-0* 032 $aLibriCat 040 $aPUL$bita 082 14$a261.873 110 2 $aPapi (2013-2025 : Franciscus).$0(OLS)http://pul/name/86910 245 10$aContro la guerra :$bil coraggio di costruire la pace /$c Papa Francesco ; postfazione di Andrea Tornielli. 260 $aCittą del Vaticano :$bLibreria editrice vaticana ;$a[Milano] :$bSolferino,$c2022. 300 $a184 pagine ;$c22 cm. 650 4$aGuerra.$0(OLS)http://pul/subject/2029 650 4$aPace internazionale.$0(OLS)http://pul/subject/18832 700 1 $aTornielli, Andrea,$d1964-$0(OLS)http://pul/name/53320 850 $aPUL 852 $aPUL$W1$xSL Religione 3$y85$m261. 873 FRANC 1$j200086$qDDC 21$B204867$CPULBib$Z2$F204867 $H136278 $82 900 $aFranciscus PP.,$d1936-2025$986910 900 $aFranciscus PP.,$d1936-2025$986910 941 1 $a9 960 $aConflitti$92029 960 $aConflitti$92029 996 $6020$z978-88-282-0972-0*$9(OLS)http://pul/number/169157 996 $6082$a261.873$9(OLS)http://pul/classification/3407 996 $6245$aContro la guerra :$bil coraggio di costruire la pace$9(OLS)http://pul/title/217402 996 $6260$aCittą del Vaticano :$bLibreria editrice vaticana$9(OLS)http://pul/publisher/47920 996 $6260$a[Milano] :$bSolferino$9(OLS)http://pul/publisher/87557